Statistics for U.S. states and territories with English as official

Click here to take the quiz!

General Stats

  • This quiz has been taken 26 times
  • The average score is 33 of 36

Answer Stats

English official sinceAnswer% Correct
Alaska (+20 Alaska Native languages)
100%
1987Arkansas
100%
1988Florida
100%
1996Georgia
100%
1978Hawaii (+Hawaiian)
100%
2002Iowa
100%
2007Kansas
100%
1984Kentucky
100%
1987North Dakota
100%
1995South Dakota (+Sioux)
100%
2016West Virginia
100%
1990Alabama
96%
1986California
96%
1923, 1969Illinois
96%
1984Indiana
96%
1995Montana
96%
1987North Carolina
96%
1987South Carolina
96%
2000Utah
96%
1996Virginia
96%
1988, 2006Arizona
92%
1988Colorado
92%
1987Mississippi
92%
1984Tennessee
92%
1996Wyoming
92%
2007Idaho
88%
1995New Hampshire
88%
2010Oklahoma
88%
1975, 2002Massachusetts
84%
1998Missouri
84%
Puerto Rico (+Spanish)
84%
Guam (+Chamorro)
80%
1923Nebraska
76%
U.S. Virgin Islands
68%
American Samoa (+Samoan)
64%
Northern Mariana Islands (+Chamorro & Carolinian)
64%

Score Distribution

Percentile by Number Answered

Percent of People with Each Score

Your Score History

You have not taken this quiz